| 000 | 00624nam a22002052 4500 | ||
|---|---|---|---|
| 001 | 0000005414 | ||
| 005 | 20151217152004.0 | ||
| 008 | 070613s xx 000 0 eng d | ||
| 020 |
_a1843340550 : _cKES 5,600 |
||
| 040 |
_aKABU _cKABU |
||
| 050 | 0 |
_aZA4201 _b.M85 |
|
| 100 | 1 |
_aMuller, Jeanne Froidevaux. _@0000156733 |
|
| 245 | 1 | 2 |
_aA Librarian's guide to the internet : _bsearching and evaluating information. |
| 260 |
_aOxford : _bChandos, _c2003. |
||
| 300 | _axiii, 188 p. | ||
| 650 | 0 |
_aInternet (Information) _@0000156734 |
|
| 908 | _a070613 | ||
| 950 | _@1 | ||
| 999 |
_c7045 _d7045 |
||